| 000 | 01402cad a22002175a 4500 | ||
|---|---|---|---|
| 001 | L138402 | ||
| 008 | 070604e20070601xxk f s f000 0 eng d | ||
| 035 | _a(Sirsi) u138402 | ||
| 041 | 0 | _aeng | |
| 110 | 1 |
_aUnited Kingdom _bDepartment of Trade and Industry |
|
| 245 | 0 | 0 |
_aOutput and employment in the construction industry _bfirst quarter 2007 _h[electronic resource] |
| 260 | _c2007 | ||
| 490 | 0 |
_aGNN Press Release _v(147675P) 1 June 2007 |
|
| 520 | _aIn the year to the first quarter of 2007, the total volume of construction output increased by 2% compared to the previous year. In the first quarter of 2007, output increased by 1% compared to the fourth quarter of 2006 in volume terms and by 2% in current prices. In the year to the first quarter of 2007, the total volume of new work was 5% higher compared to the previous year, but remained unchanged in the first quarter of 2007 when compared with the previous quarter. The number of employees in employment (seasonally adjusted) in April 2007 was up 2% compared with January 2007 and up 4% compared with April 2006. | ||
| 590 | _aKA | ||
| 650 | 2 | 4 | _aDBERR OUTPUT AND EMPLOYMENT IN THE CONSTRUCTION INDUSTRY |
| 651 | 4 |
_aGreat Britain _y1707- |
|
| 690 | _aBUILT ENVIRONMENT-CONSTRUCTION MARKET | ||
| 856 | 4 | 0 |
_uhttps://stats.bis.gov.uk/construction/output/200706/index.asp _zView the item free of charge at stats.bis.gov.uk |
| 942 | _n0 | ||
| 999 |
_c78853 _d78853 |
||